000 00351nam a2200133Ia 4500
008 240624s9999 xx 000 0 und d
041 _aeng
082 _a658.15 WRI
100 _aWRIGHT SUE
245 _aINTERNATIONAL LOAN DOCUMENTATION FINANCE
260 _c2006
_aNew York
_bPalgrave Macmillan
300 _axvi, 316 p.; 23 cm.
365 _cBPS
_b38
999 _c30563
_d30563